| 000 | 01215cam a2200313 a 4500 | ||
|---|---|---|---|
| 999 |
_c331909 _d331909 |
||
| 001 | 1951361 | ||
| 003 | NUST | ||
| 005 | 20180117105010.0 | ||
| 008 | 880120s1989 nyua b 001 0 eng | ||
| 010 | _a 87036209 | ||
| 020 |
_a007018903X : _c$37.95 |
||
| 020 | _a0070189048 (solutions manual) | ||
| 040 |
_aDLC _cDLC _dDLC |
||
| 050 | 0 | 0 |
_aTD745 _b.E23 1989 |
| 082 | 0 | 0 |
_a628.3 ECK _219 |
| 100 | 1 |
_aEckenfelder, W. Wesley _q(William Wesley), _d1926-2010. _95801 |
|
| 245 | 1 | 0 |
_aIndustrial water pollution control / _cW. Wesley Eckenfelder, Jr. |
| 250 | _a2nd ed. | ||
| 260 |
_aNew York : _bMcGraw-Hill, _cc1989. |
||
| 300 |
_axiv, 400 p. : _bill. ; _c25 cm. |
||
| 440 | 0 |
_aMcGraw-Hill series in water resources and environmental engineering _92106 |
|
| 500 | _aIncludes index. | ||
| 501 | _aP.B | ||
| 504 | _aBibliography: p. 391-392. | ||
| 650 | 0 |
_aSewage _xPurification. _9265 |
|
| 650 | 0 |
_aFactory and trade waste _xPurification. _91014 |
|
| 856 | 4 | 2 |
_3Publisher description _uhttp://www.loc.gov/catdir/enhancements/fy0602/87036209-d.html |
| 856 | 4 | 1 |
_3Table of contents only _uhttp://www.loc.gov/catdir/enhancements/fy0602/87036209-t.html |
| 906 |
_a7 _bcbc _corignew _d1 _eocip _f19 _gy-gencatlg |
||
| 942 |
_2ddc _cBK _kIESE |
||